000 01070nam a2200325 i 4500
003 EG-GICUC
005 20260408121954.0
008 260408s2013 ne ad||fr|||| 00| 0 eng d
020 _a9789041138101
040 _aEG-GiCUC
_beng
_cEG-GiCUC
_dEG-GiCUC
_erda
041 _aeng
082 0 4 _221
_a338.4
092 0 4 _221
099 _aLaw 13 2013
245 0 0 _aInternational project finance and PPPs :
_bA legal guide to key growth markets /
_cedited by Jeffrey Delmon, Victoria Rigby Delmon.
264 _aThe Netherlands :
_bWolters Kluwer Law & Business,
_c2013.
300 _a1volume (various pagings) :
_billustrations,
_c24 cm
336 _2rda content
_atext
337 _2rda media
_aComputer
338 _2rda carrier
_aOnline Resource
500 _aincludes index
650 0 _aInternational finance
650 0 _aEconomics
650 0 _aFinance
700 1 _aDelmon, Jeffrey,
_eeditor.
700 1 _aDelmon, Victoria Rigby,
_eeditor.
856 4 0 _uhttps://fll.law.cu.edu.eg/fulltext/bks/ENGB13-00042.pdf
905 _a10
942 _2ddc
_cBK
_e21
_n0
999 _c69680
_d69680